[Event "Heusenstamm Sparkassen op-A 7th"]
[Site "Heusenstamm"]
[Date "2021.11.20"]
[Round "5.2"]
[White "Solonar, Stefan"]
[Black "Suvorov, Alexander"]
[Result "1/2-1/2"]
[WhiteElo "2298"]
[BlackElo "2391"]
[PlyCount "44"]
[EventDate "2021.11.18"]
[EventType "swiss"]
[EventRounds "7"]
[EventCountry "GER"]
[SourceTitle "EXT 2023"]
[Source "ChessBase"]
[SourceDate "2022.10.05"]
[SourceVersion "1"]
[SourceVersionDate "2022.10.05"]
[SourceQuality "1"]

1. c4 e5 2. Nc3 Nf6 3. Nf3 Nc6 4. g3 d5 5. cxd5 Nxd5 6. Bg2 Bc5 7. 0-0 0-0 8. d3 Re8 9. Bd2 Nxc3 10. Bxc3 Nd4 11. b4 Bd6 12. Nxd4 exd4 13. Bxd4 Bxg3 14. hxg3 Qxd4 15. Rc1 c6 16. Qd2 Be6 17. e3 Qf6 18. b5 cxb5 19. Bxb7 Rab8 20. Bg2 Red8 21. Rc6 Qe7 22. d4 Bc4 1/2-1/2

[Event "Tambov Korensky Memorial 29th"]
[Site "Tambov"]
[Date "2020.09.06"]
[Round "9"]
[White "Ushakov, Aleksander"]
[Black "Suvorov, Alexander"]
[Result "1/2-1/2"]
[WhiteElo "2070"]
[BlackElo "1867"]
[PlyCount "35"]
[EventDate "2020.08.29"]
[EventType "swiss"]
[EventRounds "9"]
[EventCountry "RUS"]
[SourceTitle "EXT 2021"]
[Source "ChessBase"]
[SourceDate "2020.10.23"]
[SourceVersion "1"]
[SourceVersionDate "2020.10.23"]
[SourceQuality "1"]

1. e4 c5 2. Nf3 e6 3. d4 cxd4 4. Nxd4 a6 5. Nc3 b5 6. Bd3 Qb6 7. Nb3 Qc7 8. 0-0 Nf6 9. a3 d6 10. f4 Bb7 11. Qe2 Nbd7 12. Be3 Be7 13. Rae1 0-0 14. Bc1 e5 15. f5 h6 16. Qf3 Rfe8 17. Qg3 Nh5 18. Qf3 1/2-1/2

[Event "Tambov Korensky Memorial 29th"]
[Site "Tambov"]
[Date "2020.09.01"]
[Round "4"]
[White "Suvorov, Alexander"]
[Black "Gorelov, Viktor N"]
[Result "1/2-1/2"]
[WhiteElo "1867"]
[BlackElo "1784"]
[PlyCount "72"]
[EventDate "2020.08.29"]
[EventType "swiss"]
[EventRounds "9"]
[EventCountry "RUS"]
[SourceTitle "EXT 2021"]
[Source "ChessBase"]
[SourceDate "2020.10.23"]
[SourceVersion "1"]
[SourceVersionDate "2020.10.23"]
[SourceQuality "1"]

1. e4 c5 2. Nc3 Nc6 3. a3 d6 4. Bc4 Nf6 5. d3 e6 6. Bg5 Be7 7. Nge2 h6 8. Bd2 0-0 9. 0-0 a6 10. Ng3 d5 11. Ba2 b5 12. Kh1 Bb7 13. f4 c4 14. f5 cxd3 15. cxd3 b4 16. axb4 Nxb4 17. e5 Nxa2 18. Nxa2 Nh7 19. f6 gxf6 20. Bxh6 f5 21. Bxf8 Nxf8 22. d4 Ng6 23. Nc3 Qf8 24. Qh5 Qg7 25. Nce2 Bc6 26. Rf2 Bb5 27. Rc1 Bd8 28. Rc3 Ba5 29. Rcf3 Rc8 30. Qg5 Rc2 31. Nh5 Bd2 32. Qd8+ Qf8 33. Qxf8+ Kxf8 34. Ng1 Rxb2 35. Nf6 Bc3 36. Rxb2 Bxb2 1/2-1/2

[Event "Tambov Pavlyutin Memorial 9th"]
[Site "Tambov"]
[Date "2019.06.30"]
[Round "9"]
[White "Suvorov, Alexander"]
[Black "Gorshechnikov, Andrey V"]
[Result "1/2-1/2"]
[WhiteElo "1856"]
[BlackElo "1889"]
[PlyCount "34"]
[EventDate "2019.06.26"]
[EventType "tourn"]
[EventRounds "9"]
[EventCountry "RUS"]
[SourceTitle "EXT 2020"]
[Source "ChessBase"]
[SourceDate "2019.10.17"]
[SourceVersion "1"]
[SourceVersionDate "2019.10.17"]
[SourceQuality "1"]

1. d4 d5 2. Nf3 Nc6 3. e3 e6 4. c4 Nf6 5. Be2 Be7 6. 0-0 0-0 7. h3 h6 8. b3 b6 9. Bb2 Bb7 10. Nc3 Rc8 11. Nb5 a6 12. Na3 Bxa3 13. Bxa3 Re8 14. Bd3 dxc4 15. Bxc4 b5 16. Bd3 b4 17. Bb2 a5 1/2-1/2

[Event "Tambov Pavlyutin Memorial 9th"]
[Site "Tambov"]
[Date "2019.06.29"]
[Round "8"]
[White "Geranichev, Mikhail"]
[Black "Suvorov, Alexander"]
[Result "1/2-1/2"]
[WhiteElo "2060"]
[BlackElo "1856"]
[PlyCount "150"]
[EventDate "2019.06.26"]
[EventType "tourn"]
[EventRounds "9"]
[EventCountry "RUS"]
[SourceTitle "EXT 2020"]
[Source "ChessBase"]
[SourceDate "2019.10.17"]
[SourceVersion "1"]
[SourceVersionDate "2019.10.17"]
[SourceQuality "1"]

1. e4 c6 2. d4 d5 3. exd5 cxd5 4. c4 dxc4 5. Bxc4 e6 6. Nf3 Nf6 7. 0-0 Be7 8. Nc3 0-0 9. Bg5 Nbd7 10. Ne5 Nb6 11. Bb3 Nfd5 12. Bxe7 Nxe7 13. Qd3 Nbd5 14. Rad1 b6 15. Bc2 g6 16. Qg3 Bb7 17. h4 Nf5 18. Bxf5 exf5 19. h5 Kg7 20. Rfe1 Nf6 21. hxg6 hxg6 22. d5 Nh5 23. Qe3 Re8 24. Qd4 Qf6 25. Nb5 Rad8 26. d6 Re6 27. Nc7 Rexd6 28. Qxd6 Rxd6 29. Ne8+ Kg8 30. Nxf6+ Rxf6 31. Rd7 Be4 32. Rxa7 Bd5 33. Rd1 Be6 34. Nd7 Bxd7 35. Rdxd7 Nf4 36. g3 Nh3+ 37. Kg2 Ng5 38. Rab7 Ne4 39. Rd8+ Kg7 40. Rc7 Nc5 41. Rd5 f4 42. gxf4 Ne6 43. Rcd7 Nxf4+ 44. Kg3 Nxd5 45. Rxd5 Re6 46. Rb5 f5 47. f4 Kf6 48. Kh4 Kf7 49. b3 Re4 50. Kg3 Re3+ 51. Kf2 Re6 52. a4 Kf6 53. b4 g5 54. a5 bxa5 55. bxa5 Re4 56. Rb6+ Kg7 57. fxg5 Ra4 58. a6 Kf7 59. Kf3 Kg7 60. Ke3 Kh7 61. Rf6 Kg7 62. Kd3 f4 63. Kc3 f3 64. Kd2 Ra5 65. Ke3 Rxg5 66. Rb6 Ra5 67. Kxf3 Kf7 68. Ke4 Ke7 69. Kd4 Kd7 70. Kc4 Kc7 71. Rh6 Kb8 72. Kb4 Ra1 73. Kb5 Rb1+ 74. Ka5 Ra1+ 75. Kb6 Rb1+ 1/2-1/2

[Event "Tambov Pavlyutin Memorial 9th"]
[Site "Tambov"]
[Date "2019.06.27"]
[Round "3"]
[White "Suvorov, Alexander"]
[Black "Mikhnenko, Alexander"]
[Result "0-1"]
[WhiteElo "1856"]
[BlackElo "2052"]
[PlyCount "82"]
[EventDate "2019.06.26"]
[EventType "tourn"]
[EventRounds "9"]
[EventCountry "RUS"]
[SourceTitle "EXT 2020"]
[Source "ChessBase"]
[SourceDate "2019.10.17"]
[SourceVersion "1"]
[SourceVersionDate "2019.10.17"]
[SourceQuality "1"]

1. e4 c6 2. d4 d5 3. Nd2 dxe4 4. Nxe4 Nd7 5. Bc4 Ngf6 6. Ng5 e6 7. Ne2 b5 8. Bd3 a6 9. c3 c5 10. 0-0 Bb7 11. Ng3 cxd4 12. cxd4 Be7 13. Re1 0-0 14. Bf4 Re8 15. Be5 h6 16. N5e4 Nxe5 17. dxe5 Nxe4 18. Nxe4 Qd5 19. f4 Qd4+ 20. Kh1 Qxb2 21. Qg4 Rad8 22. Rad1 Kf8 23. Re2 Qa3 24. Re3 Bxe4 25. Rg3 Bh4 26. Qxh4 Rxd3 27. Rgxd3 Bxd3 28. Qg3 Rd8 29. h3 Qc3 30. Qf2 Ke8 31. Qe3 Qc2 32. Rd2 Qc4 33. Kh2 Qe4 34. Qg3 Rd4 35. Rf2 Kf8 36. Qh4 Bc4 37. a3 Qe1 38. Qg3 Rd3 39. Rf3 Qxg3+ 40. Kxg3 Rxf3+ 41. Kxf3 Bd5+ 0-1

[Event "Tambov Korensky Memorial 27th"]
[Site "Tambov"]
[Date "2018.08.18"]
[Round "8"]
[White "Suvorov, Alexander"]
[Black "Dikov, Alexander I"]
[Result "0-1"]
[WhiteElo "1877"]
[BlackElo "1921"]
[PlyCount "44"]
[EventDate "2018.08.11"]
[EventType "swiss"]
[EventRounds "9"]
[EventCountry "RUS"]
[SourceTitle "CBM 186 Extra"]
[Source "ChessBase"]
[SourceDate "2018.08.24"]
[SourceVersion "1"]
[SourceVersionDate "2018.08.24"]
[SourceQuality "1"]

1. e4 e5 2. Bc4 Nf6 3. d3 d5 4. exd5 Nxd5 5. Ne2 Be6 6. 0-0 Bd6 7. Nd2 0-0 8. Ne4 Nc6 9. a3 Be7 10. Bb5 f5 11. Bxc6 bxc6 12. Nd2 Bf6 13. f4 Ne3 14. Qe1 Nxc2 15. Qd1 Nxa1 16. fxe5 Bxe5 17. Nf3 Bf6 18. Nf4 Bb3 19. Qd2 Nc2 20. Qa5 Bd4+ 21. Kh1 c5 22. Qa6 Qd6 0-1

[Event "Tambov Korensky Memorial 27th"]
[Site "Tambov"]
[Date "2018.08.16"]
[Round "6"]
[White "Shvadchenko, Grigory F"]
[Black "Suvorov, Alexander"]
[Result "1-0"]
[WhiteElo "1954"]
[BlackElo "1877"]
[PlyCount "65"]
[EventDate "2018.08.11"]
[EventType "swiss"]
[EventRounds "9"]
[EventCountry "RUS"]
[SourceTitle "CBM 186 Extra"]
[Source "ChessBase"]
[SourceDate "2018.08.24"]
[SourceVersion "1"]
[SourceVersionDate "2018.08.24"]
[SourceQuality "1"]

1. Nf3 d5 2. e4 dxe4 3. Ng5 Nf6 4. Bc4 e6 5. Nc3 Be7 6. 0-0 Nbd7 7. Bxe6 Ne5 8. Bb3 Bf5 9. Qe2 0-0 10. Ngxe4 Nc6 11. Nxf6+ Bxf6 12. Ne4 Bd4 13. d3 Bb6 14. Be3 Nd4 15. Bxd4 Qxd4 16. c3 Qd8 17. Qf3 Bg6 18. d4 Qh4 19. Rae1 Rae8 20. Ng3 Rd8 21. Nf5 Bxf5 22. Qxf5 g6 23. Re4 Qh6 24. Qf6 Qg7 25. Qe7 Rb8 26. Rfe1 c6 27. Qd6 Rbd8 28. Qe7 Rb8 29. Rf4 Bd8 30. Qd6 Rc8 31. Rxf7 Qxf7 32. Bxf7+ Rxf7 33. Re8+ 1-0

[Event "Staufer op-A 30th"]
[Site "Schwaebisch Gmuend"]
[Date "2018.01.06"]
[Round "9"]
[White "Suvorov, Alexander"]
[Black "Schitco, Ivan"]
[Result "0-1"]
[WhiteElo "2145"]
[BlackElo "2334"]
[PlyCount "82"]
[EventDate "2018.01.02"]
[EventType "swiss"]
[EventRounds "9"]
[EventCountry "GER"]
[SourceTitle "CBM 182 Extra"]
[Source "ChessBase"]
[SourceDate "2018.02.23"]
[SourceVersion "1"]
[SourceVersionDate "2018.02.23"]
[SourceQuality "1"]

1. d4 Nf6 2. c4 c5 3. d5 e6 4. Nc3 exd5 5. cxd5 d6 6. e4 g6 7. Nf3 Bg7 8. h3 0-0 9. Bd3 Nh5 10. 0-0 Nd7 11. g4 Nhf6 12. Bf4 Ne8 13. Qd2 a6 14. a4 Qe7 15. Bg3 Rb8 16. Rfe1 f6 17. a5 Ne5 18. Kg2 Nxf3 19. Kxf3 b5 20. axb6 Rxb6 21. Kg2 Qb7 22. Ra2 Kh8 23. f3 Qf7 24. Qe2 f5 25. gxf5 gxf5 26. Bxa6 Rxa6 27. Rxa6 f4 28. Bf2 Rg8 29. Kh2 Qh5 30. Qf1 Qxf3 31. Raa1 Be5 32. Ne2 Qh5 33. Ra3 Nf6 34. Kh1 f3 35. h4 Rg2 36. Ra8 Rh2+ 37. Kg1 Qg4+ 38. Bg3 Bxg3 39. Rxc8+ Kg7 40. Rc7+ Kg6 41. h5+ Nxh5 0-1

[Event "EU-ch U14 27th"]
[Site "Mamaia"]
[Date "2017.09.06"]
[Round "2"]
[White "Henderson de la Fuente, Lance"]
[Black "Suvorov, Alexander"]
[Result "1-0"]
[WhiteElo "2408"]
[BlackElo "2157"]
[PlyCount "79"]
[EventDate "2017.09.05"]
[EventType "swiss"]
[EventRounds "9"]
[EventCountry "ROU"]
[SourceTitle "CBM 180 Extra"]
[Source "ChessBase"]
[SourceDate "2017.10.06"]
[SourceVersion "1"]
[SourceVersionDate "2017.10.06"]
[SourceQuality "1"]

1. e4 c6 2. d4 d5 3. e5 Bf5 4. h4 h5 5. Bd3 Bxd3 6. Qxd3 e6 7. Bg5 Qb6 8. Nd2 Nh6 9. Ne2 Nf5 10. 0-0 Nd7 11. c4 dxc4 12. Nxc4 Qc7 13. Ng3 Nxg3 14. fxg3 Nb6 15. Nxb6 axb6 16. Qf3 g6 17. a3 Bg7 18. Rf2 Ra5 19. Raf1 Rf8 20. g4 hxg4 21. Qxg4 Rd5 22. Be3 c5 23. Rxf7 Qxf7 24. Rxf7 Kxf7 25. h5 g5 26. Qxg5 Bh8 27. Qg6+ Ke7 28. Bh6 Rf7 29. Bg5+ Kf8 30. Qxe6 Rxd4 31. Qc8+ Kg7 32. Bf6+ Rxf6 33. exf6+ Kh7 34. Qf5+ Kg8 35. f7+ Kf8 36. Qh7 Rd1+ 37. Kf2 Rd2+ 38. Ke3 Rxg2 39. Qxh8+ Kxf7 40. Qh7+ 1-0

[Event "Tambov Korensky Memorial 26th"]
[Site "Tambov"]
[Date "2017.08.27"]
[Round "9"]
[White "Suvorov, Alexander"]
[Black "Vlasov, Valery"]
[Result "1-0"]
[WhiteElo "1899"]
[BlackElo "1964"]
[PlyCount "121"]
[EventDate "2017.08.19"]
[EventType "swiss"]
[EventRounds "9"]
[EventCountry "RUS"]
[SourceTitle "CBM 180 Extra"]
[Source "ChessBase"]
[SourceDate "2017.10.06"]
[SourceVersion "1"]
[SourceVersionDate "2017.10.06"]
[SourceQuality "1"]

1. e4 c5 2. Bc4 e6 3. Nc3 Nc6 4. a3 g6 5. d3 Bg7 6. Nge2 Nge7 7. Ng3 0-0 8. 0-0 d5 9. Ba2 a6 10. Bg5 b5 11. Qc1 b4 12. axb4 cxb4 13. Nce2 dxe4 14. Nxe4 Qc7 15. Bb3 Nd5 16. Bxd5 exd5 17. Nf6+ Kh8 18. Nxd5 Qe5 19. Nb6 Qxe2 20. Nxa8 Bb7 21. Nb6 Nd4 22. Qd1 Qe6 23. Nc4 Qd5 24. Qg4 h5 25. Qe4 Qd7 26. Ne5 Qb5 27. Qxd4 Bxe5 28. Bf6+ Bxf6 29. Qxf6+ Kh7 30. Rac1 Qd5 31. f3 a5 32. Qh4 Qe5 33. d4 Qe3+ 34. Qf2 Qf4 35. c3 b3 36. Ra1 Ba6 37. Rfe1 h4 38. Re4 Qf6 39. Qxh4+ Qxh4 40. Rxh4+ Kg7 41. Re4 Bd3 42. Re3 Bc2 43. Rxa5 f5 44. f4 Rb8 45. Re6 Bd3 46. Ra7+ Kh6 47. Ree7 Kh5 48. h3 g5 49. Rh7+ Kg6 50. Rhg7+ Kf6 51. fxg5+ Ke6 52. Rge7+ Kd5 53. Re5+ Kc6 54. g6 Kb6 55. Ree7 Be4 56. c4 Rc8 57. c5+ Kb5 58. Rec7 Rg8 59. g7 Kc4 60. Rf7 Kd3 61. Rf8 1-0

[Event "Tambov Korensky Memorial 25th"]
[Site "Tambov"]
[Date "2016.08.28"]
[Round "9"]
[White "Pishchalnikov, Roman A"]
[Black "Suvorov, Alexander"]
[Result "1/2-1/2"]
[WhiteElo "1603"]
[BlackElo "1939"]
[PlyCount "104"]
[EventDate "2016.08.20"]
[EventType "swiss"]
[EventRounds "9"]
[EventCountry "RUS"]
[SourceTitle "CBM 174 Extra"]
[Source "ChessBase"]
[SourceDate "2016.10.10"]
[SourceVersion "1"]
[SourceVersionDate "2016.10.10"]
[SourceQuality "1"]

1. d4 e6 2. c4 d5 3. Nf3 Nf6 4. e3 c6 5. Nc3 Nbd7 6. cxd5 exd5 7. Bd3 Bd6 8. Bd2 Qe7 9. Qc2 Nb6 10. 0-0-0 Bg4 11. Kb1 0-0-0 12. Nb5 Kb8 13. Nxd6 Qxd6 14. Qb3 Ne4 15. Bb4 Qf6 16. Rhf1 Bxf3 17. gxf3 Qxf3 18. a4 Nd6 19. a5 Nbc4 20. a6 b5 21. Qc2 Kc7 22. b3 Rb8 23. Ka1 Kd7 24. bxc4 bxc4 25. Be2 Qf6 26. Bg4+ Ke8 27. Qa4 Nb5 28. Rb1 h5 29. Be2 Kd7 30. Ba5 g6 31. Qb4 Nxd4 32. Qc3 Nc2+ 33. Ka2 Qxc3 34. Bxc3 Rhe8 35. Rfc1 Rxb1 36. Rxb1 d4 37. Rb7+ Kd6 38. Bxd4 Nxd4 39. Bxc4 Nb5 40. Bxb5 cxb5 41. Rxf7 Kc5 42. Rf6 Rd8 43. Kb3 Rd2 44. Kc3 Ra2 45. Kb3 Re2 46. h4 Kd5 47. Kb4 Rb2+ 48. Kc3 Ra2 49. Kb3 Re2 50. Rf7 Kc6 51. Rf6+ Kc5 52. Kc3 Ra2 1/2-1/2

[Event "EU-ch U14 26th"]
[Site "Prague"]
[Date "2016.08.25"]
[Round "7"]
[White "Suvorov, Alexander"]
[Black "Petriashvili, Nikoloz"]
[Result "1-0"]
[WhiteElo "2059"]
[BlackElo "2198"]
[PlyCount "77"]
[EventDate "2016.08.18"]
[EventType "swiss"]
[EventRounds "9"]
[EventCountry "CZE"]
[SourceTitle "CBM 174 Extra"]
[Source "ChessBase"]
[SourceDate "2016.10.10"]
[SourceVersion "1"]
[SourceVersionDate "2016.10.10"]
[SourceQuality "1"]

1. d4 Nf6 2. c4 c5 3. d5 g6 4. Nc3 Bg7 5. e4 0-0 6. Nf3 e6 7. Bd3 d6 8. h3 exd5 9. cxd5 Re8 10. 0-0 a6 11. a4 Nbd7 12. Bf4 Qe7 13. Qd2 Nh5 14. Bg5 f6 15. Be3 Bh8 16. g4 Ng7 17. Rae1 Rb8 18. Bf4 g5 19. Be3 h5 20. Kg2 Nf8 21. e5 hxg4 22. hxg4 dxe5 23. Ne4 Bxg4 24. Nfxg5 Nh5 25. f3 Bf5 26. Rh1 Bg6 27. d6 Qd8 28. Nxc5 f5 29. Bc4+ Kg7 30. Nce6+ Nxe6 31. Nxe6+ Rxe6 32. Bxe6 f4 33. Bf2 e4 34. Bd4+ Kh7 35. Bxh8 exf3+ 36. Kxf3 Qxh8 37. Bg4 Qg8 38. Re7+ Bf7 39. Rxh5+ 1-0

[Event "EU-ch U14 26th"]
[Site "Prague"]
[Date "2016.08.24"]
[Round "6"]
[White "Shubin, Kirill"]
[Black "Suvorov, Alexander"]
[Result "1-0"]
[WhiteElo "2298"]
[BlackElo "2059"]
[PlyCount "91"]
[EventDate "2016.08.18"]
[EventType "swiss"]
[EventRounds "9"]
[EventCountry "CZE"]
[SourceTitle "CBM 174 Extra"]
[Source "ChessBase"]
[SourceDate "2016.10.10"]
[SourceVersion "1"]
[SourceVersionDate "2016.10.10"]
[SourceQuality "1"]

1. e4 c6 2. Nc3 d5 3. Nf3 Nf6 4. e5 Ne4 5. Ne2 Qb6 6. d4 e6 7. c3 c5 8. dxc5 Bxc5 9. Nfd4 f6 10. exf6 Nxf6 11. b4 Bd6 12. Be3 Ng4 13. Nf4 Bxf4 14. Bb5+ Bd7 15. Bxd7+ Nxd7 16. Qxg4 Bxe3 17. fxe3 0-0 18. Qxe6+ Qxe6 19. Nxe6 Rf6 20. Nc7 Raf8 21. Nxd5 Rf2 22. Nf4 Rc2 23. 0-0 Nf6 24. Rfc1 Rd2 25. Rd1 Rfd8 26. Rxd2 Rxd2 27. c4 Ne4 28. h4 Nd6 29. c5 Nf5 30. Rc1 a6 31. a4 Rb2 32. c6 bxc6 33. Rxc6 Rxb4 34. Rxa6 Nxe3 35. g3 Nc4 36. Ra8+ Kf7 37. Ra7+ Kg8 38. Ne6 g6 39. a5 Ra4 40. a6 Ne5 41. Rg7+ Kh8 42. Rc7 Kg8 43. a7 h6 44. Rg7+ Kh8 45. Rb7 Kg8 46. Nc7 1-0

[Event "EU-ch U14 26th"]
[Site "Prague"]
[Date "2016.08.22"]
[Round "5"]
[White "Suvorov, Alexander"]
[Black "Kaasen, Tor Fredrik"]
[Result "1-0"]
[WhiteElo "2059"]
[BlackElo "2229"]
[PlyCount "79"]
[EventDate "2016.08.18"]
[EventType "swiss"]
[EventRounds "9"]
[EventCountry "CZE"]
[SourceTitle "CBM 174 Extra"]
[Source "ChessBase"]
[SourceDate "2016.10.10"]
[SourceVersion "1"]
[SourceVersionDate "2016.10.10"]
[SourceQuality "1"]

1. d4 Nf6 2. c4 g6 3. Nc3 Bg7 4. Nf3 0-0 5. Bg5 d6 6. e3 c5 7. d5 e6 8. Bd3 exd5 9. cxd5 Bg4 10. h3 Bxf3 11. Qxf3 Nbd7 12. Qe2 Ne5 13. 0-0 a6 14. a4 Qa5 15. f4 Nxd3 16. Qxd3 Qb4 17. a5 c4 18. Qe2 b5 19. axb6 Rfe8 20. f5 Nd7 21. Ra4 Qxb6 22. Rxc4 h6 23. fxg6 fxg6 24. Bf4 Ne5 25. Bxe5 Rxe5 26. Rc6 Qa7 27. Rf3 Rae8 28. Qxa6 Qe7 29. e4 Rxe4 30. Nxe4 Qxe4 31. Qf1 Qb4 32. Rc1 Qxb2 33. Rd1 Kh7 34. Rf7 Re2 35. Qf3 Kh8 36. Rf1 Rd2 37. Rf4 Qe5 38. Rc4 Rxd5 39. Re4 Qb2 40. Re8+ 1-0

[Event "EU-ch U14 26th"]
[Site "Prague"]
[Date "2016.08.21"]
[Round "4"]
[White "Suvorov, Alexander"]
[Black "Tryggestad, Andreas Garberg"]
[Result "1-0"]
[WhiteElo "2059"]
[BlackElo "2161"]
[PlyCount "81"]
[EventDate "2016.08.18"]
[EventType "swiss"]
[EventRounds "9"]
[EventCountry "CZE"]
[SourceTitle "CBM 174 Extra"]
[Source "ChessBase"]
[SourceDate "2016.10.10"]
[SourceVersion "1"]
[SourceVersionDate "2016.10.10"]
[SourceQuality "1"]

1. d4 Nf6 2. c4 g6 3. Nc3 d5 4. Bf4 Bg7 5. e3 0-0 6. cxd5 Nxd5 7. Nxd5 Qxd5 8. Bxc7 Na6 9. Bxa6 Qxg2 10. Qf3 Qxf3 11. Nxf3 bxa6 12. Rc1 Re8 13. Rg1 Bb7 14. Ke2 Rac8 15. Rc3 Bd5 16. b3 Ra8 17. Rgc1 e6 18. Ne5 Bf8 19. Nd3 h5 20. Nc5 Rac8 21. Nd7 Bg7 22. Be5 Rxc3 23. Rxc3 Bxe5 24. dxe5 Re7 25. Nf6+ Kg7 26. f4 Bb7 27. Rc5 h4 28. e4 g5 29. fxg5 Kg6 30. Kf3 Kxg5 31. Rc1 Bxe4+ 32. Nxe4+ Kf5 33. Rc5 Rd7 34. Nd6+ Kg5 35. Rc8 Kg6 36. Rg8+ Kh7 37. Rg4 f6 38. Kf4 fxe5+ 39. Kxe5 Rc7 40. Rxh4+ Kg6 41. Re4 1-0

[Event "EU-ch U14 26th"]
[Site "Prague"]
[Date "2016.08.20"]
[Round "3"]
[White "Teclaf, Pawel"]
[Black "Suvorov, Alexander"]
[Result "1/2-1/2"]
[WhiteElo "2247"]
[BlackElo "2059"]
[PlyCount "49"]
[EventDate "2016.08.18"]
[EventType "swiss"]
[EventRounds "9"]
[EventCountry "CZE"]
[SourceTitle "CBM 174 Extra"]
[Source "ChessBase"]
[SourceDate "2016.10.10"]
[SourceVersion "1"]
[SourceVersionDate "2016.10.10"]
[SourceQuality "1"]

1. e4 c6 2. d4 d5 3. exd5 cxd5 4. c4 Nf6 5. Nc3 Nc6 6. Bg5 dxc4 7. Bxc4 Qxd4 8. Qxd4 Nxd4 9. 0-0-0 e5 10. f4 h6 11. fxe5 Nd7 12. Bf4 Bc5 13. Ne4 Ne6 14. Nd6+ Bxd6 15. Bxe6 Bc5 16. Bb3 Nb6 17. Nf3 Be6 18. Bxe6 fxe6 19. Bg3 0-0 20. Kb1 Nd5 21. Rc1 Bb6 22. Nd2 Be3 23. Rcd1 Bxd2 24. Rxd2 Rac8 25. Rc1 1/2-1/2

[Event "GER-ch U14"]
[Site "Willingen"]
[Date "2016.05.17"]
[Round "4"]
[White "Suvorov, Alexander"]
[Black "Recktenwald, Cedric"]
[Result "1-0"]
[WhiteElo "2068"]
[BlackElo "1855"]
[PlyCount "45"]
[EventDate "2016.05.15"]
[EventType "swiss"]
[EventRounds "9"]
[EventCountry "GER"]
[SourceTitle "CBM 172 Extra"]
[Source "ChessBase"]
[SourceDate "2016.06.21"]
[SourceVersion "1"]
[SourceVersionDate "2016.06.21"]
[SourceQuality "1"]

1. d4 Nf6 2. c4 e6 3. Nf3 b6 4. a3 Bb7 5. Nc3 Be7 6. d5 d6 7. e4 Nbd7 8. Bd3 Nc5 9. Bc2 a5 10. Nd4 0-0 11. Be3 e5 12. Nf5 Bc8 13. Qf3 Ne8 14. h4 Bf6 15. g4 g6 16. Nh6+ Kg7 17. g5 Be7 18. Qg3 Kh8 19. h5 Ng7 20. Nxf7+ Rxf7 21. hxg6 Nh5 22. Rxh5 Rg7 23. Rxh7+ 1-0

[Event "GER-ch U14"]
[Site "Willingen"]
[Date "2016.05.15"]
[Round "1"]
[White "Rockmann, Jan Okke"]
[Black "Suvorov, Alexander"]
[Result "1-0"]
[WhiteElo "1861"]
[BlackElo "2068"]
[PlyCount "77"]
[EventDate "2016.05.15"]
[EventType "swiss"]
[EventRounds "9"]
[EventCountry "GER"]
[SourceTitle "CBM 172 Extra"]
[Source "ChessBase"]
[SourceDate "2016.06.21"]
[SourceVersion "1"]
[SourceVersionDate "2016.06.21"]
[SourceQuality "1"]

1. e4 c6 2. Nf3 d5 3. Nc3 Bg4 4. h3 Bxf3 5. Qxf3 e6 6. g3 Nf6 7. Bg2 dxe4 8. Nxe4 Nxe4 9. Qxe4 Qd5 10. 0-0 Qxe4 11. Bxe4 g6 12. b4 Bg7 13. Rb1 Kd7 14. b5 Kc7 15. d3 Nd7 16. bxc6 bxc6 17. Bd2 Bd4 18. Rb4 e5 19. Rc4 Nb8 20. Kh2 Rd8 21. f4 f6 22. fxe5 fxe5 23. Bg5 Rd7 24. Rf8 Kb7 25. c3 Bb6 26. Bf6 Bc7 27. Rb4+ Ka6 28. Rb3 Bd6 29. Rc8 Rc7 30. Rd8 Rd7 31. Rbxb8 Rxb8 32. Rxd7 Rb2+ 33. Bg2 Bc5 34. Bxe5 Rxa2 35. Rxh7 Ra1 36. d4 Bb6 37. Rg7 Kb5 38. Rxg6 c5 39. c4+ 1-0

[Event "GER-chT U12"]
[Site "Magdeburg"]
[Date "2015.12.28"]
[Round "4.1"]
[White "Suvorov, Alexander"]
[Black "Bosselmann, Tom Linus"]
[Result "1-0"]
[WhiteElo "1952"]
[BlackElo "1817"]
[PlyCount "95"]
[EventDate "2015.12.27"]
[EventType "team-swiss"]
[EventRounds "7"]
[EventCountry "GER"]
[SourceTitle "EXT 2017"]
[Source "ChessBase"]
[SourceDate "2016.10.25"]
[SourceVersion "1"]
[SourceVersionDate "2016.10.25"]
[SourceQuality "1"]
[WhiteTeam "Porz SG"]
[BlackTeam "Luebeck"]
[WhiteTeamCountry "GER"]
[BlackTeamCountry "GER"]

1. d4 d5 2. c4 c6 3. Nf3 Nf6 4. e3 Bf5 5. Nc3 e6 6. Nh4 Bg4 7. Qb3 Qd7 8. h3 Bh5 9. g4 Bg6 10. Nxg6 hxg6 11. Bg2 Be7 12. Bd2 0-0 13. 0-0 Na6 14. Rac1 Rab8 15. a4 Rfe8 16. Rfd1 Nc7 17. Be1 Na6 18. Ne2 Bd8 19. Nf4 Bc7 20. Nd3 Qe7 21. Rc2 Red8 22. a5 Nd7 23. f4 Kh7 24. Re2 f5 25. g5 Rf8 26. h4 Rh8 27. Bf3 Kg8 28. Ne5 Bxe5 29. dxe5 Ndc5 30. Qc2 Ne4 31. Bxe4 fxe4 32. cxd5 cxd5 33. Rc1 Kf7 34. Qd1 Qd7 35. Rec2 Rhc8 36. h5 Rxc2 37. Rxc2 Rc8 38. hxg6+ Kxg6 39. Rh2 Kf7 40. g6+ Ke7 41. Bh4+ Ke8 42. Bg5 Qb5 43. Rh8+ Kd7 44. Rxc8 Kxc8 45. Bf6 Qd7 46. Qh5 Qa4 47. Qh8+ Kd7 48. Qd8+ 1-0

[Event "GER-chT U12"]
[Site "Magdeburg"]
[Date "2015.12.27"]
[Round "2.1"]
[White "Suvorov, Alexander"]
[Black "Huels, Maximilian"]
[Result "1-0"]
[WhiteElo "1952"]
[BlackElo "1594"]
[PlyCount "31"]
[EventDate "2015.12.27"]
[EventType "team-swiss"]
[EventRounds "7"]
[EventCountry "GER"]
[SourceTitle "EXT 2017"]
[Source "ChessBase"]
[SourceDate "2016.10.25"]
[SourceVersion "1"]
[SourceVersionDate "2016.10.25"]
[SourceQuality "1"]
[WhiteTeam "Porz SG"]
[BlackTeam "Berlin Mattnetz"]
[WhiteTeamCountry "GER"]
[BlackTeamCountry "GER"]

1. d4 d5 2. c4 Nc6 3. Nc3 Nf6 4. Nf3 Bg4 5. cxd5 Bxf3 6. dxc6 Bxc6 7. Bf4 e6 8. e3 Bd6 9. Bg3 0-0 10. Qc2 Qe7 11. Rd1 Rad8 12. f3 Bxg3+ 13. hxg3 e5 14. d5 Bd7 15. d6 cxd6 16. Nd5 1-0

[Event "Tambov Korensky Memorial 24th"]
[Site "Tambov"]
[Date "2015.08.29"]
[Round "8"]
[White "Uryupin, Igor Nikolaevich"]
[Black "Suvorov, Alexander"]
[Result "1-0"]
[WhiteElo "2232"]
[BlackElo "1948"]
[PlyCount "73"]
[EventDate "2015.08.22"]
[EventType "swiss"]
[EventRounds "9"]
[EventCountry "RUS"]
[SourceTitle "EXT 2016"]
[Source "ChessBase"]
[SourceDate "2015.10.08"]
[SourceVersion "1"]
[SourceVersionDate "2015.10.08"]
[SourceQuality "1"]

1. g3 d5 2. f4 Nf6 3. Nf3 e6 4. Bg2 Bc5 5. e3 c6 6. 0-0 Nbd7 7. Nc3 0-0 8. d3 Rb8 9. Qe2 a6 10. Kh1 Bb4 11. Nd1 Ne8 12. e4 Bc5 13. c3 f6 14. d4 Bb6 15. exd5 exd5 16. f5 Nc7 17. Bf4 Re8 18. Qd3 Ra8 19. Nf2 Nf8 20. g4 Nb5 21. a4 Nd6 22. Rae1 Bc7 23. Bc1 Bd7 24. Bh3 b5 25. g5 Nf7 26. Rxe8 Bxe8 27. gxf6 Qxf6 28. Ng4 Qd6 29. Rg1 Bd8 30. Qe2 Bf6 31. Bf4 Qe7 32. Nxf6+ Qxf6 33. Ne5 Nd7 34. Qe3 Nf8 35. Qg3 Ra7 36. a5 Nh8 37. Ng4 1-0